Datum a čas kvízu
35.5
Celkem bodů
Celkový počet nahraných bodů na tomto kvízu bez doplňovacích otázek.
4.
Pořadí na kvízu
Konečné umístění týmu na tomto kvízu.
Zaznamenané odpovědi
| # | Otázka | Odpověď | Body | Výsledky |
|---|---|---|---|---|
| 1. | Minulý týden byl překonán reko... | Tomio Okamura | 1 | |
| 2. | Bizarní tragédie se odehrála v... | v Rakousku | 0 | |
| 3. | Ve čtvrtek mělo v českých kine... | Aristokratka ve varu, Evžen Boček | 0 | |
| 4. | Jistá kurýrní společnost působ... | DPD | 1 | |
| 5. | Nebývá zvykem, aby byl odvolán... | Václav Varaďa, Petr Dědek | 0 | |
| 6. | Podíváme se do historie na výp... | křížová výprava | 1 | |
| 7. | Zajímavé byly osudy Přemyslovn... | Dagmar, Dánsko | 1 | |
| 8. | Jednou z možností, jak se dost... | Jiří z Poděbrad | 1 | |
| 9. | Země Františka Josefa byla obj... | Rusku | 1 | |
| 10. | Období husitství představovalo... | D | 1 |